<?xml version="1.0" encoding="UTF-8"?>
<marc:record xmlns:marc="http://www.loc.gov/MARC21/slim">
   <marc:leader>00000nam a2200000 a 4500</marc:leader>
   <marc:datafield ind1="1" ind2=" " tag="100">
      <marc:subfield code="a">Gerhardt, Sven</marc:subfield>
      <marc:subfield code="4">aut</marc:subfield>
      <marc:subfield code="e">Verfasser/-in</marc:subfield>
   </marc:datafield>
   <marc:datafield ind1=" " ind2=" " tag="653">
      <marc:subfield code="a">Antolin</marc:subfield>
   </marc:datafield>
   <marc:datafield ind1=" " ind2=" " tag="653">
      <marc:subfield code="a">Respekt</marc:subfield>
   </marc:datafield>
   <marc:datafield ind1=" " ind2=" " tag="653">
      <marc:subfield code="a">Klasse-4</marc:subfield>
   </marc:datafield>
   <marc:datafield ind1=" " ind2=" " tag="653">
      <marc:subfield code="a">Fantastisch</marc:subfield>
   </marc:datafield>
   <marc:datafield ind1=" " ind2=" " tag="653">
      <marc:subfield code="a">Vorlesegeschichten</marc:subfield>
   </marc:datafield>
   <marc:datafield ind1="0" ind2="0" tag="245">
      <marc:subfield code="a">Zara Zylinder</marc:subfield>
   </marc:datafield>
   <marc:datafield ind1="0" ind2="0" tag="245">
      <marc:subfield code="b">Die sagenhafte Reise durch das Jemandsland</marc:subfield>
   </marc:datafield>
   <marc:datafield ind1=" " ind2="1" tag="264">
      <marc:subfield code="b">CBJ</marc:subfield>
      <marc:subfield code="c">2023</marc:subfield>
   </marc:datafield>
   <marc:datafield ind1="1" ind2=" " tag="490">
      <marc:subfield code="a">Die Minna-Melone-Reihe</marc:subfield>
   </marc:datafield>
   <marc:datafield ind1="1" ind2=" " tag="520">
      <marc:subfield code="a">Als Minna Melone eines Tages in den Wahrlichwald zurückkehrt, ist dort nichts mehr, wie es war: Die Bühne am Waldrand ist verwildert und Zara Zylinder, das kleine Eichhörnchen, hat die Siedlung verlassen. Sie ist Hals über Kopf in den dunklen Wald marschiert, aus dem bisher nie jemand zurückgekehrt war.  Doch Minna macht den Tieren der Siedlung Hoffnung. Sie glaubt, dass Zara losgegangen ist, um eigene Abenteuer zu erleben. Und tatsächlich: Zara hatte schon lange den Wunsch verspürt, die große Welt kennenzulernen, von der sie auf der Bühne erzählte. Mutig ist sie dem Mond und ihrem Herzen gefolgt und wird reich belohnt - mit neuen Freunden und sagenhaften Erlebnissen! Als sie sich am Ziel ihrer Reise glaubt, steht Zara plötzlich vor einer Entscheidung, die nur sie allein treffen kann.</marc:subfield>
   </marc:datafield>
   <marc:datafield ind1=" " ind2=" " tag="020">
      <marc:subfield code="a">9783570180464</marc:subfield>
      <marc:subfield code="9">9783570180464</marc:subfield>
   </marc:datafield>
</marc:record>
